000 01074nas a2200325 4500
001 BR2013006594
003 BR-BrBNA
005 20231205122821.0
007 ta
008 230509b bl.|||p| |||| 00| 00por d
040 _aBR-BrBNA
_bpor
_cBiblioteca Nacional de Agricultura
041 _a(Pt)
072 _aP40; P33
100 1 _aAraujo, K.D.
100 1 _aDantas, R.T.
100 1 _aAndrade, A.P. de
100 1 _aParente, H.N.
245 1 _aCinética de evolução de dióxido de carbono em área de caatinga em São João do Cariri-PB
246 1 _aKinetics of carbon dioxide evolution in an area of caatinga in São João do Cariri, PB
650 _aCAATINGA
650 _aSOLO
650 _aANÁLISE
650 _aCLIMA
650 _aCONDIÇÃO AMBIENTAL
650 _a
773 0 _tRevista Árvore (Brazil)
_xISSN 0100-6762
_g(Sep-Oct 2011), v. 35(5) p. 1099-1106
_wBR2013006594
856 4 _uhttp://www.scielo.br/pdf/rarv/v35n5/a16v35n5.pdf
_yRecurso eletrônico (PDF)
909 _a202311
_bLúcia
_c55
_dLúcia Elande
942 _2AGRIS
_n0
_cANA
999 _c230730
_d230730